000 00532nam a2200193Ia 4500
999 _c34920
_d34920
003 OSt
005 20200201114912.0
008 190216s9999||||xx |||||||||||||| ||und||
020 _a9788121922036
040 _coclc
082 _a354.54
_bPYL/C
100 _aPylee, M V
_91582
245 0 _aConstitutional Government In India /
_cM V Pylee
250 _a8th ed.
260 _bS Chand & Co,
_c2012.
_aNew Delhi:
300 _a688p
650 _aPolitics
942 _cBK
_2ddc
_h354.54
_iPYL/C
_k354.54
_mPYL/C